| 000 | 00807pam a2200241 a 4500 | ||
|---|---|---|---|
| 999 |
_c4784 _d4784 |
||
| 001 | 3295962 | ||
| 003 | GBCCL | ||
| 005 | 20241126110526.0 | ||
| 008 | 830527s1983 oruaf b 001 0 eng | ||
| 010 | _a 83011466 | ||
| 020 |
_a0880700262 : _c$12.95 |
||
| 040 |
_aDLC _cDLC _dDLC |
||
| 050 | 0 | 0 |
_aBV4832.2 _b.S885 1983 |
| 082 | 0 | 0 |
_a242.2 _219 _bSWI |
| 100 | 1 |
_aSwindoll, Charles R. _91487 |
|
| 245 | 1 | 0 |
_aGrowing strong in the seasons of life / _cCharles R. Swindoll ; foreword by Billy Graham. |
| 260 |
_aPortland, Or. : _bMultnomah Press, _cc1983. |
||
| 300 |
_a414 p., [4] leaves of plates : _bill. (some col.) ; _c24 cm. |
||
| 504 | _aIncludes bibliographical references and indexes. | ||
| 650 | 0 |
_aDevotional exercises. _9446 |
|
| 906 |
_a7 _bcbc _corignew _d1 _eocip _f19 _gy-gencatlg |
||
| 942 |
_2ddc _cBK |
||